The veterinary clinics of North America : Small animal practice

Salvato in:
Dettagli Bibliografici
Natura: Libro
Lingua:Undetermined
Pubblicazione: London W. B. Saunders Company 1984
Soggetti:
Tags: Aggiungi Tag
Nessun Tag, puoi essere il primo ad aggiungerne! !
Thư viện lưu trữ: Trung tâm Học liệu Trường Đại học Cần Thơ
LEADER 00528nam a2200193Ia 4500
001 CTU_126536
008 210402s9999 xx 000 0 und d
020 |c £13.50 
082 |a 636.8089 
082 |b V586/Vol.14 
245 4 |a The veterinary clinics of North America : 
245 0 |b Small animal practice 
260 |a London 
260 |b W. B. Saunders Company 
260 |c 1984 
650 |a Cats,Livestock 
650 |x Disease,Diseases 
904 |i M.Loan 
980 |a Trung tâm Học liệu Trường Đại học Cần Thơ